000 00781cam a2200265 4500
008 000000n2001 000 0 eng u
020 _a1860814921
035 _a(Sirsi) u119771
041 _aeng
050 _a621.31042
100 _aRoche, L.
110 _aBuilding Research Establishment
245 _aStandardised and prefabricated wiring for buildings: use in building services: Part 1
260 _aLondon
_bCRC Ltd
_c2001
300 _a6p.
_bill.
_c30cm.
490 _aBRE Information Paper
_v15/01
520 _aFor Part 2 see: 186081493X
650 _aWIRING
650 _aCABLING
650 _aPREFABRICATION
690 _aBUILDING AND CONSTRUCTION-ENGINEERING-MECHANICAL AND ELECTRICAL
700 _aGraves, H.
700 _aBromley, K.
942 _n0
999 _c102387
_d102387